[Event "Penang op 11th"]
[Site "Penang"]
[Date "2019.12.12"]
[Round "6"]
[White "Baga, Marojahan Sagala"]
[Black "Teo, Hong Ming"]
[Result "1-0"]
[WhiteElo "1898"]
[BlackElo "1653"]
[PlyCount "93"]
[EventDate "2019.12.09"]
[EventType "swiss"]
[EventRounds "9"]
[EventCountry "MAS"]
[SourceTitle "CBM 193 Extra"]
[Source "ChessBase"]
[SourceDate "2020.01.31"]
[SourceVersion "1"]
[SourceVersionDate "2020.01.31"]
[SourceQuality "1"]

1. e4 c5 2. Nf3 Nc6 3. d4 cxd4 4. Nxd4 Nf6 5. Nc3 e5 6. Ndb5 d6 7. Bg5 a6 8. Na3 b5 9. Bxf6 gxf6 10. Nd5 f5 11. Bd3 Be6 12. Qh5 Bg7 13. 0-0 f4 14. c4 b4 15. Nc2 Rb8 16. b3 0-0 17. Rad1 Qd7 18. h3 a5 19. Ne1 Nd4 20. Nf3 Nxf3+ 21. gxf3 Bxh3 22. Kh2 Bxf1 23. Bxf1 Qa7 24. Qh4 Rbe8 25. Bh3 Re6 26. Rg1 Kh8 27. Bxe6 fxe6 28. Ne7 Rf6 29. Qxf6 Qxf2+ 30. Rg2 Bxf6 31. Rxf2 Bxe7 32. Kh3 h5 33. Rf1 Kh7 34. Ra1 Kg6 35. a3 bxa3 36. Rxa3 Bd8 37. Ra2 Kf7 38. Rd2 Be7 39. Rh2 Kg6 40. Rg2+ Kh7 41. Kh2 Bd8 42. Rd2 Bc7 43. c5 d5 44. c6 Bd6 45. exd5 e4 46. fxe4 e5 47. Rc2 1-0

[Event "Penang op 11th"]
[Site "Penang"]
[Date "2019.12.09"]
[Round "1"]
[White "Chakravarthi, Reddy M"]
[Black "Baga, Marojahan Sagala"]
[Result "1-0"]
[WhiteElo "2366"]
[BlackElo "1898"]
[PlyCount "61"]
[EventDate "2019.12.09"]
[EventType "swiss"]
[EventRounds "9"]
[EventCountry "MAS"]
[SourceTitle "CBM 193 Extra"]
[Source "ChessBase"]
[SourceDate "2020.01.31"]
[SourceVersion "1"]
[SourceVersionDate "2020.01.31"]
[SourceQuality "1"]

1. d4 Nf6 2. c4 e5 3. dxe5 Ng4 4. Bf4 Nc6 5. Nf3 Bb4+ 6. Nbd2 Qe7 7. a3 Ngxe5 8. Nxe5 Nxe5 9. e3 Bxd2+ 10. Qxd2 d6 11. Be2 0-0 12. 0-0 b6 13. b4 Bf5 14. Bg3 Rfe8 15. Rfe1 Rad8 16. Qc3 Qf6 17. Rac1 c5 18. b5 Be4 19. f3 Bb7 20. e4 Qe7 21. f4 Ng6 22. Bd3 Nf8 23. Rcd1 Nd7 24. Bb1 Nf6 25. Bh4 Qe6 26. Re3 Qg4 27. Qe1 Qxf4 28. Rf3 Qxh4 29. Qxh4 Bxe4 30. Rg3 Rf8 31. Rg4 1-0